| 000 | 00386nam a2200145Ia 4500 | ||
|---|---|---|---|
| 008 | 150201s2004 xx 000 0 und d | ||
| 082 |
_a619.7 _bP2004Z |
||
| 100 | _aZWEMER,ANN J. | ||
| 245 | _aPROFFESSIONAL ADJUSTMENTS & ETHEES FOR NURSES IN INDIA | ||
| 250 | _a6TH | ||
| 260 |
_bCHRISTIAN MEDICAL ASSOCIATION _aINDIA _c2004 |
||
| 300 | _a1-300 | ||
| 650 | _aNURSING | ||
| 942 |
_2ddc _cBK |
||
| 999 |
_c4073 _d4073 |
||